LEADER 01190nam--2200349---450- 001 990000847580203316 005 20050222102048.0 035 $a0084758 035 $aUSA010084758 035 $a(ALEPH)000084758USA01 035 $a0084758 100 $a20020107d1924----km-y0itay0103----ba 101 $aita 102 $aIT 105 $a||||||||001yy 200 1 $a<> Campania$elibro sussidiario per la coltura regionale e le nozioni varie$eper le classi 3., 4., 5., delle scuole urbane e rurali$ein conformitą alle disposizioni contenute nel R. decreto1 ottobre 1923, n.2183$fLuigi Pantaleo$gapprovato dalla Commissione ministeriale 210 $aMilano$cL. Trevisini$d1924 215 $a349 p.$c1 c. di tav., ill.$d19 cm 410 $12001 676 $a371.32 700 1$aPANTALEO,$bLuigi$0551124 801 0$aIT$bsalbc$gISBD 912 $a990000847580203316 951 $aIII.2. 283(V F 102)$b106527 LM$cV F 959 $aBK 969 $aUMA 979 $aPATTY$b90$c20020107$lUSA01$h1406 979 $c20020403$lUSA01$h1730 979 $aPATRY$b90$c20040406$lUSA01$h1658 979 $aCOPAT2$b90$c20050222$lUSA01$h1020 996 $aCampania$9968206 997 $aUNISA